El principio de la primaca̕ de la realidad en las relaciones laborales de la administracin̤ pb︢lica

Detalles Bibliográficos
Autor principal: Da̕z Vargas, Jaime Alejandro
Formato: eBook
Lenguaje:español
Publicado: Bogot ̀: Universidad Sergio Arboleda, 2011
Materias:
Acceso en línea:http://www.vlex.com/source/10932

MARC

LEADER 00000nam a22000007a 4500
005 20130328182058.0
007 cr|||| ||||
008 130328e2011 ck |||||s|||| 00||0 spa d
020 |a 978-958-8745-42-8 
035 |a 10932 
040 |a vLex 
090 |c 4082  |d 4082 
100 1 0 |a Da̕z Vargas, Jaime Alejandro 
245 1 3 |a El principio de la primaca̕ de la realidad en las relaciones laborales de la administracin̤ pb︢lica  |c / Jaime Alejandro Da̕z Vargas   |h [Recurso electrn̤ico] 
256 |a Servicio en ln̕ea 
260 |a Bogot ̀:  |b Universidad Sergio Arboleda,   |c 2011 
300 |a 1 Recurso electrn̤ico 
506 |a Contenido solo disponible en los productos indicados  |d vLex Global  |d vLex Global (Academic Edition, excluding Law Schools)  |d vLex Global (U.S. Academic Edition, Law Schools)  |d vLex Global (U.S. Academic Edition, excluding Law Schools)  |d vLex Global (Academic Edition, Law Schools) 
650 0 4 |a Derecho laboral  |z Colombia 
650 0 4 |a Funcin̤ pb︢lica  |z Colombia 
740 |a vLex Libros (Servicio en ln̕ea) 
856 |a Acceso restringido  |u http://www.vlex.com/source/10932 
942 |c BOOK 
999 0 |a Labor law and legislation